Pays qui touchent l'équateur - Mort subite - Statistiques

Statistiques générales
  • Ce quiz a été pris 88 fois
  • Le résultat moyen est 3 sur 11
Answers on the Grid
Answers color-coded by a green-red scale on the quiz's grid according to % correct below.
Australie
Bolivie
Brésil
Tchad
Chine
Costa Rica
Colombie
Équateur
Éthiopie
Philippines
Gabon
Inde
Indonésie
Kenya
Madagascar
Nigéria
Oman
Panama
Pérou
Congo
République démocratique du Congo
Sao Tomé-et-Principe
Singapour
Somalie
Sri Lanka
Soudan
Suriname
Tanzanie
Ouganda
Viêt Nam
 
Statistiques - réponses
Réponse % Correct
Équateur
54%
Brésil
39%
Colombie
34%
République démocratique du Congo
34%
Congo
24%
Indonésie
22%
Sao Tomé-et-Principe
17%
Gabon
14%
Kenya
14%
Ouganda
8%
Somalie
5%
Aucun quiz correspondant
Distribution des résultats
% des personnes avec chaque résultat
Percentile par nombre de réponses
Votre historique - résultats
Vous n’avez pas pris ce quiz